Score 0/24 Timer 10:00
0 Plays Today
Year Title % Correct
1970Spearhead From Space
95.4%
1974Planet of the Spiders
95.4%
1971Terror of the Autons
94.8%
1970Inferno
92.7%
1973The Green Death
92.7%
1970The Silurians
91.8%
1973Planet of the Daleks
87%
1973/1974The Time Warrior
85.9%
1974Invasion of the Dinosaurs
85.9%
1970The Ambassadors of Death
85.6%
1971The Daemons
85.1%
1972The Curse of Peladon
84.8%
Year Title % Correct
1974Death to the Daleks
84.5%
1972Day of the Daleks
84.2%
1974The Monster of Peladon
84%
1972The Sea Devils
83.2%
1973Carnival of Monsters
82.6%
1971The Claws of Axos
82.1%
1971The Mind of Evil
81%
1972/1973The Three Doctors
80.2%
1972The Time Monster
76.9%
1971Colony in Space
73.9%
1973Frontier in Space
73.4%
1972The Mutants
66%
Remove Ads.
Support Sporcle.
Get the best of Sporcle when you Go Orange. This ad-free experience offers more features, more stats, and more fun while also helping to support Sporcle. Thank you for becoming a member.

You're not logged in!

Compare scores with friends on all Sporcle quizzes.
OR
Log In

Show Comments

Extras

Created Nov 17, 2010ReportNominate
Tags:Doctor Who Quiz

Top Quizzes Today


Score Distribution

Your Account Isn't Verified!

In order to create a playlist on Sporcle, you need to verify the email address you used during registration. Go to your Sporcle Settings to finish the process.

Report this User

Report this user for behavior that violates our Community Guidelines.

Details: